Drużyny Premier League w piłce nożnej na sezon 2022/23. - Statystyki

Ogólne statystyki
  • Ten quiz został rozwiązany 617 razy
  • Średni wynik to 13 z 20
Statystyki odpowiedzi
Drużyna % Poprawnych
13 Manchester City
98%
14 Manchester United
96%
12 Liverpool
92%
2 Arsenal
91%
6 Chelsea
88%
18 Tottenham
80%
3 Aston Villa
71%
19 West ham
66%
5 Brighton
64%
8 Everton
61%
15 Newcastle
61%
11 Leicester
57%
17 Southampton
55%
9 Fulham
51%
10 Leeds
51%
7 Crystal Palace
49%
20 Wolverhampton Wanderers F.C.
49%
4 Brentford
47%
16 Nottingham
47%
1 A.F.C. Bournemouth
37%
Nie znaleziono quizów pasujących do podanych kryteriów
Rozkład punktacji
Procent ludzi z każdym wynikiem
Percentyl według liczby udzielonych odpowiedzi
Twoja historia wyników
Nie rozwiązałeś tego quizu